000 00608nam a2200193 a 4500
001 2016806
003 AM-YeHGA
005 20250908125049.0
008 250429s1959 le |||gr|||||00||1|arm|d
040 _aAM-YeHGA
041 1 _aarm
100 1 _aԴոստոևսկի, Ֆյոդոր Միխայլովիչ,
_d1821-1881
_96696
245 1 0 _aՈճիր և պատիժ /
_cԹէոտոր Տոստոեւսքի․
260 _aՊէյրութ ։
_bԱ․ հ․,
_c1959․
300 _a754 էջ
440 0 _a«Ազդակ» ;
_nթիւ 85
650 1 4 _aՌուս գրականություն
_xՎեպ
_94829
942 _2udc
_cBK
999 _c534553
_d534553